000 00894nam a2200265Ia 4500
003 OSt
005 20221005112806.0
006 a|||||r|||| 00| 0
007 ta
008 221004b |||||||| |||| 00| 0 pan d
020 _a8182990785
_c300
024 _a117285
037 _b572, 03/02/2012, H.K. Prakashan
_cTextual
040 _aCRL
_cCRL
_bpan
041 _2pan
_apan
082 _aY:351.236, 153P6
100 _aਬੇਦੀ, ਸ ਸ ਵਣਜਾਰਾ
245 0 _aਲੋਕ ਆਖਦੇ ਹਨ
260 _aਦਿੱਲੀ
_bਆਰਸੀ ਪਬਲਿਰਗ਼ ਭਾਰਤ
_c2006
300 _a320ਪੰ
_ccm.
650 _a ਲੋਕ ਧਾਰਾ
650 _aਸਮਾਜ ਵਿਗਿਆਨ
_9156353
942 _hY:351.236, 153P6
_cTEXL
_2cc
999 _c1025983
_d1025983